00445nam a2200169Ia 4500003000400000008004100004040001600045082001300061100002000074245005100094260003800145300000900183490004900192650001200241650000900253650001300262GCL140319s9999 xx 000 0 eng d aGCL / cGCL04a708bF M1 aFOCILLON, HENRI10aLE MUSEE DE LYON PEINTURES / cFOCILLON, HENRI a[S.N] : bHENRI LOVRENS ، c1945 a64 P aCOLLECTIONS PUBLIQUES DE PRANCE MEMORANDAv004aMUSEUMS04aARTS04aPAINTING